000 00293nam a22001217a 4500
008 180515b xxu||||| |||| 00| 0 eng d
041 _aeng
080 _a043.3
100 _a0
101 _aARK-BTH
245 _aProjektimi i objekteve të banimit "Vila Malore"
_cElezi,L.Th
942 _2udc
_cBK
999 _c45832
_d45832